[Event "Hastings Weekend op"]
[Site "Hastings"]
[Date "2023.01.07"]
[Round "2"]
[White "Lesniowski, Paul A"]
[Black "Rushbrooke, Tibo"]
[Result "1-0"]
[WhiteElo "2008"]
[BlackElo "1747"]
[PlyCount "49"]
[EventDate "2023.01.07"]
[EventType "swiss"]
[EventRounds "5"]
[EventCountry "ENG"]
[SourceTitle "CBM 212 Extra"]
[Source "ChessBase"]
[SourceDate "2023.03.31"]
[SourceVersion "1"]
[SourceVersionDate "2023.03.31"]
[SourceQuality "1"]

1. e4 e5 2. Nf3 Nc6 3. d4 exd4 4. Nxd4 Nf6 5. Nxc6 bxc6 6. e5 Nd5 7. c4 Nb6 8. Bd3 d5 9. exd6 Bxd6 10. 0-0 0-0 11. Nc3 Be6 12. Qe2 Qh4 13. g3 Qh3 14. Ne4 Rae8 15. Ng5 Bg4 16. Qc2 Qh5 17. c5 h6 18. h3 Bxh3 19. Nxh3 Qxh3 20. Bf5 Qh5 21. cxd6 g6 22. Bd3 Qh3 23. Be4 Re5 24. Bg2 Qg4 25. Bf4 1-0

[Event "London Chess Classic: Blitz D"]
[Site "London"]
[Date "2019.12.08"]
[Round "6"]
[White "Rushbrooke, Tibo"]
[Black "Makkar, Rajat"]
[Result "0-1"]
[WhiteElo "1624"]
[BlackElo "1847"]
[PlyCount "64"]
[EventDate "2019.12.08"]
[EventType "swiss (blitz)"]
[EventRounds "11"]
[EventCountry "ENG"]
[SourceTitle "EXT 2021"]
[Source "ChessBase"]
[SourceDate "2020.10.23"]
[SourceVersion "1"]
[SourceVersionDate "2020.10.23"]
[SourceQuality "1"]

1. d4 d5 2. Nc3 Nf6 3. Bg5 e6 4. e4 dxe4 5. Nxe4 Be7 6. Bxf6 Bxf6 7. c3 0-0 8. Nf3 Nd7 9. Bd3 b6 10. Qe2 Bb7 11. 0-0-0 Qe7 12. h4 c5 13. dxc5 Nxc5 14. Nxc5 Qxc5 15. Kb1 a5 16. Ng5 g6 17. Ne4 Bxe4 18. Bxe4 Rac8 19. h5 a4 20. hxg6 hxg6 21. Qf3 Qe5 22. Qh3 Qxe4+ 23. Ka1 Rfd8 24. Qh7+ Kf8 25. Rde1 Qc2 26. Rc1 Qd2 27. Qh3 a3 28. b3 Bxc3+ 29. Rxc3 Qxc3+ 30. Qxc3 Rxc3 31. Rh8+ Ke7 32. Rh7 Rd1# 0-1

[Event "GBR-ch Major 106th"]
[Site "Torquay"]
[Date "2019.07.30"]
[Round "4"]
[White "Miller, George"]
[Black "Rushbrooke, Tibo"]
[Result "0-1"]
[WhiteElo "1891"]
[BlackElo "1700"]
[PlyCount "50"]
[EventDate "2019.07.27"]
[EventType "swiss"]
[EventRounds "9"]
[EventCountry "ENG"]
[SourceTitle "EXT 2020"]
[Source "ChessBase"]
[SourceDate "2019.10.17"]
[SourceVersion "1"]
[SourceVersionDate "2019.10.17"]
[SourceQuality "1"]

1. Nc3 e5 2. e4 Nf6 3. g3 Bc5 4. Nf3 d6 5. d4 exd4 6. Nxd4 0-0 7. Bg2 Bg4 8. f3 Bh5 9. Be3 Re8 10. Nf5 Bxe3 11. Nxe3 Nxe4 12. Nxe4 Rxe4 13. Qd3 Re8 14. 0-0-0 Nc6 15. Kb1 Bg6 16. Qb3 Qd7 17. f4 Rxe3 18. Qxe3 Nb4 19. Rc1 Re8 20. Qxa7 Nxc2 21. Rxc2 Qf5 22. Qxb7 Qxc2+ 23. Ka1 h6 24. Qc6 Qe2 25. a4 Rb8 0-1

[Event "London Chess Classic op 10th"]
[Site "London"]
[Date "2018.12.09"]
[Round "1"]
[White "Rushbrooke, Tibo"]
[Black "MacLeod, Andrew"]
[Result "1-0"]
[WhiteElo "1652"]
[BlackElo "1391"]
[PlyCount "39"]
[EventDate "2018.12.09"]
[EventType "swiss"]
[EventRounds "5"]
[EventCountry "ENG"]
[SourceTitle "EXT 2021"]
[Source "ChessBase"]
[SourceDate "2020.10.23"]
[SourceVersion "1"]
[SourceVersionDate "2020.10.23"]
[SourceQuality "1"]

1. e4 e6 2. d4 d5 3. e5 c5 4. c3 Qb6 5. Nf3 Nc6 6. Bd3 Bd7 7. dxc5 Bxc5 8. 0-0 a5 9. Qe2 Nge7 10. h4 0-0 11. Bxh7+ Kh8 12. Bd3 g6 13. Bg5 Ng8 14. Nh2 d4 15. h5 Nce7 16. Ng4 Bc6 17. Nf6 Kg7 18. Qg4 Qxb2 19. Qh4 Qxa1 20. hxg6 1-0

[Event "GBR-ch 105th Morning op"]
[Site "Hull"]
[Date "2018.08.02"]
[Round "4"]
[White "Starley, Robert"]
[Black "Rushbrooke, Tibo"]
[Result "1-0"]
[WhiteElo "2107"]
[BlackElo "1576"]
[PlyCount "79"]
[EventDate "2018.07.30"]
[EventType "swiss"]
[EventRounds "5"]
[EventCountry "ENG"]
[SourceTitle "EXT 2019"]
[Source "ChessBase"]
[SourceDate "2018.10.10"]
[SourceVersion "1"]
[SourceVersionDate "2018.10.10"]
[SourceQuality "1"]

1. e4 e5 2. Nf3 Nc6 3. Bb5 a6 4. Ba4 Nf6 5. 0-0 Be7 6. Re1 b5 7. Bb3 0-0 8. h3 d6 9. c3 Nb8 10. d4 Nbd7 11. Nbd2 c5 12. Nf1 Bb7 13. d5 Re8 14. Bc2 Bf8 15. Bg5 Qc7 16. Qd2 h6 17. Be3 Kh7 18. Ng3 g6 19. Nh2 Ng8 20. Rac1 Bg7 21. Qe2 Nb6 22. b3 Bc8 23. h4 c4 24. Bxb6 Qxb6 25. bxc4 Bd7 26. cxb5 axb5 27. Bd3 Ra3 28. Rc2 Rc8 29. Rb1 Raxc3 30. Rxc3 Rxc3 31. Nhf1 b4 32. Bc4 Nf6 33. Ne3 Ng4 34. Nxg4 Bxg4 35. Qxg4 Rxc4 36. Qd7 Rc2 37. Qxf7 Rxa2 38. h5 g5 39. Rxb4 Rxf2 40. Qg6+ 1-0

[Event "BCF-ch 103rd U180/2050"]
[Site "Bournemouth"]
[Date "2016.07.29"]
[Round "5"]
[White "Openshaw, David"]
[Black "Rushbrooke, Tibo"]
[Result "1-0"]
[WhiteElo "1839"]
[BlackElo "1515"]
[PlyCount "41"]
[EventDate "2016.07.25"]
[EventType "swiss"]
[EventRounds "5"]
[EventCountry "ENG"]
[SourceTitle "EXT 2019"]
[Source "ChessBase"]
[SourceDate "2018.10.10"]
[SourceVersion "1"]
[SourceVersionDate "2018.10.10"]
[SourceQuality "1"]

1. d4 f5 2. Nc3 Nf6 3. Bg5 e6 4. e4 fxe4 5. Nxe4 Be7 6. Bxf6 Bxf6 7. Nf3 d6 8. Qd2 b6 9. 0-0-0 Bb7 10. Re1 h6 11. Qe3 0-0 12. Kb1 Nd7 13. Rg1 Qe7 14. g4 Qf7 15. Bd3 e5 16. g5 exd4 17. Nxd4 Bxg5 18. Nxg5 hxg5 19. Qxg5 Qf6 20. Qh5 Rfe8 21. Rxe8+ 1-0

[Event "BCF-ch Week1 PM op"]
[Site "Bournemouth"]
[Date "2016.07.29"]
[Round "5"]
[White "Rushbrooke, Tibo"]
[Black "Baweja, Adiveer"]
[Result "1-0"]
[WhiteElo "1515"]
[BlackElo "962"]
[PlyCount "109"]
[EventDate "2016.07.25"]
[EventType "swiss"]
[EventRounds "5"]
[EventCountry "ENG"]
[SourceTitle "CBM 173 Extra"]
[Source "ChessBase"]
[SourceDate "2016.08.29"]
[SourceVersion "1"]
[SourceVersionDate "2016.08.29"]
[SourceQuality "1"]

1. e4 d6 2. Nc3 Nf6 3. f4 g6 4. Nf3 Bg7 5. Bc4 0-0 6. 0-0 Re8 7. Qe1 c5 8. d3 Nc6 9. Qh4 e5 10. f5 gxf5 11. Ng5 f4 12. Nxf7 Qe7 13. Nxd6+ Kf8 14. Nxe8 Qxe8 15. Bxf4 exf4 16. Rxf4 Qe7 17. Nd5 Qd6 18. Nxf6 Nd4 19. Nd5+ Ke8 20. Qh5+ Qg6 21. Qxg6+ hxg6 22. Nc7+ Kd7 23. Nxa8 Ne2+ 24. Kh1 Nxf4 25. Rf1 Be5 26. g3 Ne2 27. c3 Bxg3 28. hxg3 Nxg3+ 29. Kg1 Nxf1 30. Kxf1 Kc6 31. Kg2 b5 32. Bd5+ Kd7 33. Kg3 Ke7 34. Kf4 Kf6 35. Nc7 b4 36. e5+ Kg7 37. Kg5 a5 38. d4 cxd4 39. cxd4 Bf5 40. Ne6+ Kf7 41. Nf4+ Ke7 42. Nxg6+ Bxg6 43. Kxg6 a4 44. Bc4 a3 45. bxa3 bxa3 46. Kf5 Kf8 47. d5 Ke8 48. d6 Kd7 49. Bb5+ Kd8 50. e6 Kc8 51. e7 Kb8 52. e8Q+ Kb7 53. Qc6+ Ka7 54. Ba6 Kb8 55. Qb7# 1-0